00665 2200229 4500001002100000005001500021035002000036007000300056008004100059020002200100082001000122084001600132100003000148245009300178260003900271300004400310650001300354650001100367700001900378700001800397990002000415INLIS00000000000307020260603075917 a0010-0626000021ta260603 f 0 ind  a978-623-01-4214-7 a005.2 a005.2 AZI t1 aAziza, Rifda Faticha Alfa1 aTeori dan Praktik Desain UI/UX :bStudi Kasus Implementasi dengan Metode Design Thinking aYogyakarta :bPenerbit Andi,c2024 aviii + 216 hlm. :bilus. ;c16 x 23 cm. 4aKomputer 4aDesain0 aAtik Nurmasani0 aMayada Azizah a20260612.05.001